000 00276nam a22001097a 4500
041 _aENG
100 _aHallaj.S.A
245 _aHybrid Hydrogen Systems Stationary And Transportation Applications
260 _a Delhi
_bSpringer
_c2011
650 _aEOES
856 _uEOES ( 11 )
999 _c1184
_d1184